000 00578nam a22001817a 4500
001 BRCA_9301
003 FranzMayer
005 20230728111542.0
008 230728b |||||||| |||| 00| 0 eng d
040 _aMFM
_besp
_cMFM
050 _aCO1544
_b1614
240 1 _aArte de cozina
_lespaƱol
245 0 _aArte de cozina
500 _aEl libro permanece en una caja guarda por lo que no es posible saber mucha información del mismo.
650 1 _2Hogar
_aHome economics
_vCocina
_928989
651 2 _2Libros de cocina
_aAntes de 1800
_vCocinas hispanas
_928990
942 _2lcc
_cB
999 _c10923
_d10923